UBT Library

Braunwald's heart disease : (Record no. 40003)

000 -LEADER
fixed length control field 01062cam a22003374a 4500
001 - CONTROL NUMBER
control field 13599685
005 - DATE AND TIME OF LATEST TRANSACTION
control field 20180110073914.0
008 - FIXED-LENGTH DATA ELEMENTS--GENERAL INFORMATION
fixed length control field 040520s2005 paua b 001 0 eng
010 ## - LIBRARY OF CONGRESS CONTROL NUMBER
LC control number 2004050808
020 ## - INTERNATIONAL STANDARD BOOK NUMBER
International Standard Book Number 072160479X (Single vol.)
020 ## - INTERNATIONAL STANDARD BOOK NUMBER
International Standard Book Number 0721605095 (2 vol. set)
020 ## - INTERNATIONAL STANDARD BOOK NUMBER
International Standard Book Number 0808923056 (International ed.)
020 ## - INTERNATIONAL STANDARD BOOK NUMBER
International Standard Book Number 080892334X (Indian ed.)
020 ## - INTERNATIONAL STANDARD BOOK NUMBER
International Standard Book Number 1416000380 (2 v. edition)
020 ## - INTERNATIONAL STANDARD BOOK NUMBER
International Standard Book Number 1416000143 (single v. edition)
035 ## - SYSTEM CONTROL NUMBER
System control number (DNLM)101218452
040 ## - CATALOGING SOURCE
Original cataloging agency DNLM/DLC
Transcribing agency DLC
041 ## - LANGUAGE CODE
Language code of text/sound track or separate title eng
042 ## - AUTHENTICATION CODE
Authentication code pcc
060 10 - NATIONAL LIBRARY OF MEDICINE CALL NUMBER
Classification number 616.12
Item number B825 2005
080 ## - UNIVERSAL DECIMAL CLASSIFICATION NUMBER
Universal Decimal Classification number 616.12
082 00 - DEWEY DECIMAL CLASSIFICATION NUMBER
Classification number 616.12 ZIP
Edition number 22
100 ## - Rafti
Rafti 7
101 ## - Shkurtesa
Shkurtesa KAR
245 00 - TITLE STATEMENT
Title Braunwald's heart disease :
Statement of responsibility, etc edited by Douglas P. Zipes ... [et al.].
246 30 - VARYING FORM OF TITLE
Title proper/short title Heart disease
504 ## - BIBLIOGRAPHY, ETC. NOTE
Bibliography, etc Includes bibliographical references and index.
906 ## - LOCAL DATA ELEMENT F, LDF (RLIN)
a 7
b cbc
c orignew
d 1
e ocip
f 20
g y-gencatlg
942 ## - ADDED ENTRY ELEMENTS (KOHA)
Source of classification or shelving scheme
Item type Books
Holdings
Withdrawn status Lost status Source of classification or shelving scheme Damaged status Not for loan Collection code Permanent location Current location Shelving location Date acquired Total Checkouts Full call number Barcode Date last seen Price effective from Koha item type
          Koleksioni i përgjithshem UBT - Lipjan UBT - Lipjan Koleksioni i lëndeve mesimore 01/10/2018   616.12 ZIP 002-2994852 01/10/2018 01/10/2018 Books
UBT Library © 2015-2024. All rights reserved University Education for Business and Technology